Statistics for Top 5 Best NHL teams of the 80's

Click here to take the quiz!

General Stats

  • This quiz has been taken 193 times
  • The average score is 4 of 5

Answer Stats

WinsTeam% Correct
446Edmonton Oilers
93%
414New York Islanders
91%
418Boston Bruins
82%
435Montreal Canadiens
81%
446Philadelphia Flyers
67%

Score Distribution

Percentile by Number Answered

Percent of People with Each Score

Your Score History

You have not taken this quiz